000 00657nam a2200121Ia 4500
008 220216s9999 xx 000 0 und d
245 0 _aRubber chemicals scene: Global demand set to grow
260 _bRubber Asia
_c2013
300 _a78
520 _aWorld demand for rubber processing chemicals, which strongly tracks rubber consumption trends, will rise thanks to increased motor vehicle ownership rates and the consequent increased demand for tyre rubber, the main market for rubber chemicals. Meanwhile, non-tyre rubber chemicals demand will benefit from continuing industrialization in the developing world.
650 _aRubber chemicals
942 _cJS
999 _c67510
_d67510